[Event "SVK-chT4 A22 1415"]
[Site "Slovakia"]
[Date "2015.02.15"]
[Round "9.2"]
[White "Matus, Ferenc"]
[Black "Lukacovic, Miroslav"]
[Result "0-1"]
[WhiteElo "1660"]
[BlackElo "1969"]
[PlyCount "64"]
[EventDate "2014.10.12"]
[EventType "team-tourn"]
[EventRounds "11"]
[EventCountry "SVK"]
[SourceTitle "EXT 2019"]
[Source "ChessBase"]
[SourceDate "2018.10.10"]
[SourceVersion "1"]
[SourceVersionDate "2018.10.10"]
[SourceQuality "1"]

1. d4 d5 2. Nf3 Bf5 3. Bf4 c6 4. c3 Qb6 5. Qc1 h6 6. Nbd2 Nf6 7. Nb3 Nbd7 8. Ne5 e6 9. Nd3 a5 10. Nd2 c5 11. Be3 c4 12. Ne5 Bd6 13. g3 Qc7 14. f4 0-0 15. Ndf3 Ne4 16. Bg2 b5 17. Nd2 Nef6 18. Ndf3 Nb6 19. Nh4 Bh7 20. 0-0 b4 21. Bd2 Ne4 22. Bxe4 Bxe4 23. Nhf3 h5 24. Nh4 bxc3 25. bxc3 Rab8 26. e3 g6 27. Nhf3 f6 28. Nxg6 Bxg6 29. Nh4 Be4 30. f5 Bxg3 31. Nf3 Bxh2+ 32. Nxh2 Qg3# 0-1

[Event "SVK-chT4 A22 1415"]
[Site "Slovakia"]
[Date "2014.11.23"]
[Round "4.3"]
[White "Matus, Ferenc"]
[Black "Petras, Stefan"]
[Result "1-0"]
[WhiteElo "1660"]
[BlackElo "1795"]
[PlyCount "91"]
[EventDate "2014.10.12"]
[EventType "team-tourn"]
[EventRounds "11"]
[EventCountry "SVK"]
[SourceTitle "EXT 2019"]
[Source "ChessBase"]
[SourceDate "2018.10.10"]
[SourceVersion "1"]
[SourceVersionDate "2018.10.10"]
[SourceQuality "1"]

1. c4 c5 2. g3 Nf6 3. Bg2 e6 4. e4 Be7 5. e5 Ng8 6. b3 d5 7. d3 d4 8. Qg4 g6 9. Nh3 Nd7 10. Qe2 Rb8 11. Nd2 b6 12. 0-0 Nh6 13. g4 Bb7 14. Bxb7 Rxb7 15. Ne4 Ng8 16. Bf4 h6 17. Bg3 Rc7 18. Qf3 Nb8 19. Kg2 Nc6 20. a3 Rc8 21. Rfe1 Qd7 22. Ng1 Rh7 23. h4 Kd8 24. Qf4 Qe8 25. Nf3 Kd7 26. g5 h5 27. Nf6+ Nxf6 28. gxf6 Bf8 29. Qe4 Rh8 30. Ng5 Bh6 31. Nf3 Qd8 32. Rab1 Ke8 33. b4 Qd7 34. bxc5 bxc5 35. Rb2 Rg8 36. Reb1 Nd8 37. Nd2 Bxd2 38. Rxd2 g5 39. Qh7 Kf8 40. Qh6+ Ke8 41. hxg5 Qc6+ 42. Kg1 Qf3 43. Kh2 Rg6 44. Qh8+ Kd7 45. Qf8 Rc6 46. Rb8 1-0

[Event "SVK-chT4 A22 1415"]
[Site "Slovakia"]
[Date "2014.11.09"]
[Round "3.5"]
[White "Hornak, Pavol"]
[Black "Matus, Ferenc"]
[Result "1-0"]
[WhiteElo "1766"]
[BlackElo "1660"]
[PlyCount "81"]
[EventDate "2014.10.12"]
[EventType "team-tourn"]
[EventRounds "11"]
[EventCountry "SVK"]
[SourceTitle "EXT 2019"]
[Source "ChessBase"]
[SourceDate "2018.10.10"]
[SourceVersion "1"]
[SourceVersionDate "2018.10.10"]
[SourceQuality "1"]

1. d4 d5 2. c4 Nf6 3. Nf3 g6 4. Nc3 Bg7 5. cxd5 Nxd5 6. e4 Nb6 7. h3 c6 8. Be2 Be6 9. 0-0 Bc4 10. Be3 0-0 11. Rc1 Bxe2 12. Qxe2 N6d7 13. Rfd1 e6 14. d5 exd5 15. exd5 c5 16. Qc4 b6 17. Bf4 a6 18. a4 Re8 19. Re1 Nf6 20. Rxe8+ Qxe8 21. Re1 Qc8 22. Re7 Nbd7 23. d6 Qf8 24. Ng5 Kh8 25. Nxf7+ Kg8 26. Ne5+ Kh8 27. Nxd7 Nxd7 28. Rxd7 Re8 29. Qf7 h6 30. Kf1 g5 31. Bg3 Rb8 32. Qxf8+ Rxf8 33. Rb7 b5 34. axb5 axb5 35. Nxb5 Bd4 36. Nxd4 cxd4 37. Rb4 Rd8 38. Rxd4 Kg7 39. h4 Kf6 40. hxg5+ hxg5 41. f4 1-0